1956 год: вып. III; Геологическая литература СССР

Bibliographic Details
Parent link:Геологическая литература СССР: библиографический ежегодник/ Всесоюзная геологическая библиотека. 1956 год: вып. III.— , 1955-1990
Other Authors: Соловьев С. П. (редактор), Куликов М. В.
Language:Russian
Published: Москва, Госгеолтехиздат, 1957
Subjects:
Format: Book
KOHA link:https://koha.lib.tpu.ru/cgi-bin/koha/opac-detail.pl?biblionumber=215145

MARC

LEADER 00000nam2a2200000 4500
001 215145
005 20231031193757.0
035 |a (RuTPU)RU\TPU\book\235042 
035 |a RU\TPU\book\235040 
090 |a 215145 
100 |a 20120504d1957 k y0rusy50 ca 
101 0 |a rus 
102 |a RU 
105 |a y a 001zy 
200 0 |a 1956 год: вып. III  |f под ред. С. П. Соловьева, М. В. Куликова 
210 |a Москва  |c Госгеолтехиздат  |d 1957 
215 |a 58 с. 
320 |a Указ. в конце кн.: с. 50-57 
461 1 |0 (RuTPU)RU\TPU\book\111984  |t Геологическая литература СССР  |o библиографический ежегодник  |f Всесоюзная геологическая библиотека  |v 1956 год: вып. III  |d 1955-1990 
610 1 |a библиографические указатели 
610 1 |a геология 
610 1 |a ежегодники 
675 |a 55(с)(01)  |v 3 
686 |a Я19:55  |v LBC/SL-A  |2 rubbk 
702 1 |a Соловьев  |b С. П.  |4 340 
702 1 |a Куликов  |b М. В.  |4 340 
801 1 |a RU  |b 63413507  |c 20061023  |g PSBO 
801 2 |a RU  |b 63413507  |c 20130322  |g PSBO 
942 |c BK